Prispieť k urýchleniu reformy hovoríme s riaditeľom Sociálnej poisťovne Ing. Miroslavom Knitlom

Bibliographic Details
Main Authors: Letovanec, František (ain), Knitl, Miroslav, 1960- (Author, uin)
Format: Article
Language:Slovak
PhysicalDescription:Fotogr.
ISSN:1335-4795
Subjects:

MARC

LEADER 00000nab a2200000 a 4500
001 vtls000755907
003 SK-MaSNL
005 20260305014113.0
008 180205c2001 xo 0 slo
015 |a SNBRB2001/05-14903 
035 |a CLN000107694 
040 |a SNKBUCL  |b slo  |c SNKBUCL  |e AACR2 
041 0 |a slo 
044 |a xo  |c SK 
080 |a 368.42/.46.031(437.6)  |2 UDC-MRF-SK2 
100 1 |a Letovanec, František  |4 ain  |9 268595 
245 1 0 |a Prispieť k urýchleniu reformy  |b hovoríme s riaditeľom Sociálnej poisťovne Ing. Miroslavom Knitlom  |c pripravil František Letovanec 
300 |b Fotogr. 
610 2 7 |a Sociálna poisťovňa (Slovensko)  |2 snkbucl  |9 30541 
655 7 |a články z novín a časopisov  |2 snkbucl  |9 267496 
700 1 |a Knitl, Miroslav,  |d 1960-  |4 aut  |4 uin  |9 20825 
773 0 |x 1335-4795  |t Národné poistenie  |g Roč. 33, č. 4 (2001), s. 2-3 
850 |a Slovenská národná knižnica v Martine 
852 |a SNK  |b KIS3GCP 
958 |a RBX 
999 |c 3267673  |d 3269603